000
00321nam a2200133Ia 4500
999
_c
6706
_d
6706
008
191201s2017 xx 000 0 und d
020
_a
9788126515714
100
_a
MATTHEW, Neil
245
0
_a
Beginning Linux Programming
260
_a
N. delhi
_b
Wiley India
_c
2017
300
_a
780
650
_a
MCA
942
_2
ddc
_c
BK
_0
4